<?xml version="1.0" encoding="UTF-8"?><?xml-stylesheet type="text/xsl" href="static/style.xsl"?><OAI-PMH xmlns="http://www.openarchives.org/OAI/2.0/" xmlns:xsi="http://www.w3.org/2001/XMLSchema-instance" xsi:schemaLocation="http://www.openarchives.org/OAI/2.0/ http://www.openarchives.org/OAI/2.0/OAI-PMH.xsd"><responseDate>2026-06-07T17:24:45Z</responseDate><request verb="GetRecord" identifier="oai:docta.ucm.es:20.500.14352/111246" metadataPrefix="marc">https://docta.ucm.es/rest/oai/request</request><GetRecord><record><header><identifier>oai:docta.ucm.es:20.500.14352/111246</identifier><datestamp>2025-03-18T12:41:26Z</datestamp><setSpec>com_20.500.14352_14</setSpec><setSpec>col_20.500.14352_15</setSpec></header><metadata><record xmlns="http://www.loc.gov/MARC21/slim" xmlns:dcterms="http://purl.org/dc/terms/" xmlns:xsi="http://www.w3.org/2001/XMLSchema-instance" xmlns:doc="http://www.lyncode.com/xoai" xsi:schemaLocation="http://www.loc.gov/MARC21/slim http://www.loc.gov/standards/marcxml/schema/MARC21slim.xsd">
   <leader>00925njm 22002777a 4500</leader>
   <datafield ind2=" " ind1=" " tag="042">
      <subfield code="a">dc</subfield>
   </datafield>
   <datafield ind2=" " ind1=" " tag="720">
      <subfield code="a">Muriel Saiz, María De Las Mercedes</subfield>
      <subfield code="e">author</subfield>
   </datafield>
   <datafield ind2=" " ind1=" " tag="720">
      <subfield code="a">Martín Estalayo, María Isabel</subfield>
      <subfield code="e">author</subfield>
   </datafield>
   <datafield ind2=" " ind1=" " tag="720">
      <subfield code="a">García Giráldez, María Teresa</subfield>
      <subfield code="e">author</subfield>
   </datafield>
   <datafield ind2=" " ind1=" " tag="260">
      <subfield code="c">2018-12-26</subfield>
   </datafield>
   <datafield ind2=" " ind1=" " tag="520">
      <subfield code="a">El objetivo de este artículo es analizar la imagen actual del Trabajo Social y los Servicios Sociales en la prensa escrita en España. La justificación del tema se sustenta en la escasez de investigaciones científicas realizadas sobre la influencia de los medios de comunicación y de la prensa en el área disciplinar y profesional del Trabajo Social. El método se ha desarrollado mediante una revisión documental y un análisis de contenido de la prensa escrita en un universo creado ad hoc de 383 informaciones de dos de los diarios de mayor tirada en este país. La elección de ambos periódicos se explica por el criterio de hegemonía informativa, y estas informaciones representan el total de noticias de todos los días del año 2017. A partir de la búsqueda sistematiza de palabras clave relacionadas con el tema objeto de estudio, los resultados permiten reflexionar acerca de la importancia de los medios de comunicación como generadores de opinión pública; así como los elementos que configuran la imagen actual del Trabajo Social y Servicios Sociales en estos medios de comunicación y la necesidad de ocuparse y trabajar por construir y comunicar a la sociedad una imagen positiva y adecuada.</subfield>
   </datafield>
   <datafield ind2=" " ind1=" " tag="520">
      <subfield code="a">The aim of this article is to analyze the current image of Social Work and Social Services in the written press in Spain. The rationale behind this objective is the scarcity of scientific research carried and reported on the influence of communication media and the press in the disciplinary and professional area of Social Work. The method has been developed throguh a documentary review and a content analysis of the written press, from an ad-hoc created universe from two of the newspapers with the largest circulation in this country. The choice of these two newspapers is justified by a criterion of informative hegemony; analyzed informations represent the total of a systematized search covering all the days in 2017, using keywords related to the topic under study. The results enable the reflection on the importance that social media play as a source of public opinion, the elements that shape the current image of Social Work and the need to take the responsability and work for building up and communicate a positive and rightful image to society.</subfield>
   </datafield>
   <datafield ind1="8" ind2=" " tag="024">
      <subfield code="a">Muriel-Saiz, M., Martín-Estalayo, M., &amp; García-Giraldez, T. (2018). La imagen del Trabajo Social y los Servicios Sociales en la prensa escrita en España. Trabajo Social Global-Global Social Work, 8(15), 45–77. https://doi.org/10.30827/tsg-gsw.v8i15.7653</subfield>
   </datafield>
   <datafield ind1="8" ind2=" " tag="024">
      <subfield code="a">10.30827/tsg-gsw.v8i15.7653</subfield>
   </datafield>
   <datafield ind1="8" ind2=" " tag="024">
      <subfield code="a">https://hdl.handle.net/20.500.14352/111246</subfield>
   </datafield>
   <datafield ind1="8" ind2=" " tag="024">
      <subfield code="a">2013-6757</subfield>
   </datafield>
   <datafield ind1="8" ind2=" " tag="024">
      <subfield code="a">https://revistaseug.ugr.es/index.php/tsg</subfield>
   </datafield>
   <datafield ind1="8" ind2=" " tag="024">
      <subfield code="a">https://dialnet.unirioja.es/servlet/articulo?codigo=6774256</subfield>
   </datafield>
   <datafield ind2="0" ind1="0" tag="245">
      <subfield code="a">La imagen del Trabajo Social y los Servicios Sociales en la prensa escrita</subfield>
   </datafield>
   <datafield ind2="0" ind1="0" tag="245">
      <subfield code="a">The image of social work and social services in the written press in Spain</subfield>
   </datafield>
</record></metadata></record></GetRecord></OAI-PMH>